000 00598nam a2200217Ia 4500
001 15363
003 GE_BSU
008 181216s||||||||xx |||||||||||||| ||und||
040 _cGE_BSU
080 _a821.353.1-1
100 _aყურაშვილი, ავთანდილ
245 _aგამოჩნდა მიწა
245 _bლექსები
260 _aთბილისი
260 _bმერანი
260 _c1976
300 _a57გვ.17სმ.
653 _aგამოჩნდა მიწა
653 _aლექსები
942 _cBK
999 _c48469
_d48469